[Event "Portugal Open 2018"]
[Site "Lisboa POR"]
[Date "2018.02.08"]
[Round "8.110"]
[White "Coimbra, João"]
[Black "Pipiras, Filipa"]
[Result "0-1"]
[WhiteElo "1403"]
[BlackElo "1771"]
[WhiteFideId "1901435"]
[BlackFideId "1944894"]
[WhiteCountry "POR"]
[BlackCountry "POR"]
[PlyCount "78"]
[EventDate "2018.??.??"]

1. a3 e5 2. e4 Nf6 3. Nc3 Nc6 4. Nf3 d5 5. d3 Bg4 6. h3 Bh5 7. Bg5 dxe4 8. Nxe4
Be7 9. Bxf6 gxf6 10. g4 Bg6 11. Nh4 Qd7 12. c3 O-O-O 13. Qc2 h5 14. Nxg6 fxg6
15. Be2 hxg4 16. O-O-O f5 17. Ng3 gxh3 18. Kb1 Kb8 19. Rh2 g5 20. Bf3 g4 21. Ne4
f4 22. Be2 Bh4 23. Rdh1 g3 24. fxg3 fxg3 25. Nxg3 Bxg3 26. Qd1 Bxh2 27. Rxh2 e4
28. d4 Qd6 29. Qh1 Qg3 30. Bf1 Rdg8 31. Bxh3 Qg1+ 32. Ka2 Qxh1 33. Rxh1 Rg3 34.
Bg2 Rxh1 35. Bxh1 e3 36. d5 Ne5 37. a4 e2 38. Be4 e1=Q 39. Bb1 Rg1 0-1

[Event "Portugal Open 2018"]
[Site "Lisboa POR"]
[Date "2018.02.08"]
[Round "8.111"]
[White "Spínola, Sidney"]
[Black "Bártolo, Filipe"]
[Result "1-0"]
[WhiteElo "1750"]
[BlackElo "1572"]
[WhiteFideId "1950720"]
[BlackFideId "1942565"]
[WhiteCountry "CPV"]
[BlackCountry "POR"]
[PlyCount "37"]
[EventDate "2018.??.??"]

1. e4 e5 2. Nf3 Nc6 3. Nc3 Nf6 4. d4 exd4 5. Nxd4 Bb4 6. f3 d6 7. Be3 Be6 8. Bb5
Bd7 9. Qd2 a6 10. Be2 Qe7 11. O-O-O O-O-O 12. a3 Bxc3 13. Qxc3 d5 14. Nxc6 Bxc6
15. e5 Nd7 16. f4 f6 17. Ba7 fxe5 18. Qxc6 exf4 19. Bxa6 1-0

[Event "Portugal Open 2018"]
[Site "Lisboa POR"]
[Date "2018.02.08"]
[Round "8.112"]
[White "Palhas, Miguel Brando"]
[Black "Santos, José Duarte"]
[Result "0-1"]
[WhiteElo "1323"]
[BlackElo "1744"]
[WhiteFideId "1961349"]
[BlackFideId "1902318"]
[WhiteCountry "POR"]
[BlackCountry "POR"]
[PlyCount "40"]
[EventDate "2018.??.??"]

1. e4 Nf6 2. e5 Nd5 3. Nf3 c5 4. c4 Nb6 5. Nc3 g6 6. b3 Bg7 7. Bb2 O-O 8. Be2 d6
9. exd6 exd6 10. d4 Nc6 11. Ne4 Qe7 12. Qc2 Bf5 13. Nfd2 Nxd4 14. Bxd4 Bxd4 15.
Rd1 Rfe8 16. f3 d5 17. cxd5 Nxd5 18. Nf1 Nc3 19. Rxd4 cxd4 20. Bd3 Rac8 0-1

[Event "Portugal Open 2018"]
[Site "Lisboa POR"]
[Date "2018.02.08"]
[Round "8.113"]
[White "Vera Cruz, Aguinaldo"]
[Black "Antunes, André"]
[Result "1/2-1/2"]
[WhiteElo "1729"]
[BlackElo "1459"]
[WhiteFideId "23600250"]
[BlackFideId "1936328"]
[WhiteCountry "CPV"]
[BlackCountry "POR"]
[PlyCount "79"]
[EventDate "2018.??.??"]

1. e4 c5 2. Nf3 Nc6 3. Nc3 g6 4. d4 cxd4 5. Nxd4 Bg7 6. Nxc6 bxc6 7. Qf3 Qa5 8.
Bd2 Qe5 9. Be2 d6 10. O-O Nf6 11. h3 O-O 12. Bc4 Qd4 13. Bd3 Nd7 14. Rab1 Ne5
15. Qe2 Nxd3 16. Qxd3 Qxd3 17. cxd3 Ba6 18. Rfe1 Bxd3 19. Rbc1 Rab8 20. b3 Rb4
21. Nd5 Rxe4 22. Rxe4 Bxe4 23. Nxe7+ Kh8 24. Nxc6 Bb2 25. Rc4 Bd5 26. Rc2 Rc8
27. Rxb2 Rxc6 28. Bf4 Be6 29. Rd2 d5 30. b4 a6 31. a4 Rc4 32. Be5+ Kg8 33. Rd4
Rxd4 34. Bxd4 Bd7 35. a5 Kf8 36. Kf1 Bb5+ 37. Ke1 Ke7 38. h4 Ke6 39. g4 f5 40.
g5 1/2-1/2

[Event "Portugal Open 2018"]
[Site "Lisboa POR"]
[Date "2018.02.08"]
[Round "8.114"]
[White "Barrento, Jorge"]
[Black "Capamba, Assis"]
[Result "1-0"]
[WhiteElo "1700"]
[BlackElo "1442"]
[WhiteFideId "1906500"]
[BlackFideId "1952609"]
[WhiteCountry "POR"]
[BlackCountry "ANG"]
[PlyCount "55"]
[EventDate "2018.??.??"]

1. Nf3 Nc6 2. d4 d5 3. e3 Bg4 4. Be2 h6 5. Nbd2 Nf6 6. c4 e6 7. O-O Be7 8. a3
Qd7 9. b4 O-O-O 10. Qa4 Nb8 11. Qxa7 c6 12. Ne5 Qc7 13. Nxg4 Nxg4 14. Bxg4 f5
15. Bf3 g5 16. g3 f4 17. exf4 gxf4 18. Nb3 fxg3 19. fxg3 Rhg8 20. Bg2 dxc4 21.
Nc5 Bxc5 22. Qxc5 b5 23. Bf4 Qg7 24. Be5 Qg5 25. Qb6 Kd7 26. Bxb8 Qe3+ 27. Kh1
Rdf8 28. Qc7+ 1-0

[Event "Portugal Open 2018"]
[Site "Lisboa POR"]
[Date "2018.02.08"]
[Round "8.115"]
[White "Costa, Raul"]
[Black "Santos, Ruben"]
[Result "0-1"]
[WhiteElo "1363"]
[BlackElo "1669"]
[WhiteFideId "1956868"]
[BlackFideId "1952838"]
[WhiteCountry "POR"]
[BlackCountry "POR"]
[PlyCount "78"]
[EventDate "2018.??.??"]

1. e4 e5 2. Nf3 Nc6 3. Bc4 f5 4. exf5 d5 5. Bb5 Bd6 6. d4 e4 7. Ne5 Bxe5 8. dxe5
Bxf5 9. O-O Nge7 10. Be3 a6 11. Bxc6+ bxc6 12. Bg5 h6 13. Bh4 g5 14. Bg3 O-O 15.
Qh5 Kh7 16. h4 g4 17. Bf4 Ng8 18. Nd2 Qd7 19. f3 Rf7 20. Rad1 Raf8 21. c4 Bg6
22. Qxg4 Qxg4 23. fxg4 Rxf4 24. cxd5 Rxf1+ 25. Rxf1 Rxf1+ 26. Kxf1 cxd5 27. Ke2
Ne7 28. Ke3 Nc6 29. e6 d4+ 30. Ke2 Kg7 31. Nb3 Kf6 32. Nc5 Nd8 33. h5 Bh7 34. e7
Kxe7 35. g5 hxg5 36. Kd2 e3+ 37. Ke2 Ne6 38. Nxa6 Nf4+ 39. Kf3 Be4+ 0-1

[Event "Portugal Open 2018"]
[Site "Lisboa POR"]
[Date "2018.02.08"]
[Round "8.117"]
[White "Costa, Fábio"]
[Black "Soares, Pedro Pita"]
[Result "0-1"]
[WhiteElo "1207"]
[BlackElo "1713"]
[WhiteFideId "1961063"]
[BlackFideId "1931725"]
[WhiteCountry "POR"]
[BlackCountry "POR"]
[PlyCount "94"]
[EventDate "2018.??.??"]

1. d4 Nf6 2. Bf4 d5 3. e3 Bf5 4. Bd3 Bg4 5. Nf3 e6 6. Nbd2 Bd6 7. Bg3 O-O 8. O-O
Bxg3 9. hxg3 Nbd7 10. c4 c6 11. Qc2 Re8 12. Ne5 Bh5 13. b3 h6 14. Nxd7 Nxd7 15.
e4 dxe4 16. Nxe4 Bg6 17. Nd6 Bxd3 18. Qxd3 Rf8 19. Nxb7 Qc8 20. Nc5 Rd8 21. Nxd7
Qxd7 22. Rfe1 Qxd4 23. Qxd4 Rxd4 24. Red1 Rad8 25. Rxd4 Rxd4 26. Rc1 Rd2 27. a4
Kf8 28. Kf1 Ke7 29. Ke1 Rb2 30. Rc3 c5 31. Rf3 g5 32. g4 Rb1+ 33. Ke2 Rg1 34. g3
Rb1 35. Kd2 Rb2+ 36. Kc3 Re2 37. Kd3 Re5 38. Re3 Kd6 39. f4 Rxe3+ 40. Kxe3 gxf4+
41. gxf4 a5 42. Kd3 e5 43. Ke4 exf4 44. Kxf4 Ke6 45. Ke4 f5+ 46. Kf4 fxg4 47.
Kxg4 Ke5 0-1

[Event "Portugal Open 2018"]
[Site "Lisboa POR"]
[Date "2018.02.08"]
[Round "8.120"]
[White "Maissa, Susana"]
[Black "Encarnação, Filipe"]
[Result "0-1"]
[WhiteElo "1171"]
[BlackElo "1398"]
[WhiteFideId "1954202"]
[BlackFideId "1942018"]
[WhiteCountry "POR"]
[BlackCountry "POR"]
[PlyCount "92"]
[EventDate "2018.??.??"]

1. Nf3 Nf6 2. g3 d5 3. Bg2 Bf5 4. d3 e6 5. O-O Be7 6. Nc3 O-O 7. Bf4 c5 8. d4
Nc6 9. dxc5 Bxc5 10. Re1 a6 11. Qd2 Bb4 12. Nd4 Rc8 13. Nxc6 Rxc6 14. a3 Bxc3
15. bxc3 Qa5 16. Be5 Nd7 17. Qe3 Nxe5 18. Qxe5 Qxc3 19. Qxc3 Rxc3 20. Rec1 Rfc8
21. Rcb1 R8c7 22. Rd1 Rxc2 23. e3 h6 24. h4 Re2 25. Bf1 Rec2 26. Bg2 Rb2 27.
Rdc1 Rxc1+ 28. Rxc1 Rb1 29. Rxb1 Bxb1 30. Bf3 Bd3 31. Bd1 Kf8 32. Ba4 Ke7 33. f3
b5 34. Bb3 Kd6 35. Kf2 Kc5 36. Ke1 a5 37. Kd2 Bc4 38. Kc3 Bxb3 39. Kxb3 d4 40.
e4 b4 41. a4 d3 42. Kb2 Kd4 43. Kb3 Ke3 44. Kc4 d2 45. Kb5 d1=Q 46. Kxa5 Qb3 0-1

[Event "Portugal Open 2018"]
[Site "Lisboa POR"]
[Date "2018.02.08"]
[Round "8.122"]
[White "Canelas, Miguel"]
[Black "Pina, Tiago"]
[Result "1/2-1/2"]
[WhiteElo "1172"]
[BlackElo "1154"]
[WhiteFideId "1941968"]
[BlackFideId "1950673"]
[WhiteCountry "POR"]
[BlackCountry "POR"]
[PlyCount "46"]
[EventDate "2018.??.??"]

1. d4 d5 2. Bf4 Bf5 3. e3 Nf6 4. Nf3 e6 5. Bd3 Bg4 6. Nbd2 Nbd7 7. c3 Bd6 8. Bg3
O-O 9. Qc2 h6 10. Ne5 Nh5 11. Nxg4 Nxg3 12. hxg3 Qg5 13. Nh2 f5 14. Nhf3 Qf6 15.
O-O-O a6 16. c4 c6 17. c5 Bc7 18. Nh2 h5 19. Ndf1 g6 20. f3 e5 21. g4 exd4 22.
exd4 Qg5+ 23. Kb1 Kg7 1/2-1/2

[Event "Portugal Open 2018"]
[Site "Lisboa POR"]
[Date "2018.02.09"]
[Round "9.33"]
[White "Corbalan Gomez, Juan Jose"]
[Black "Fernandes, Miguel"]
[Result "1/2-1/2"]
[WhiteElo "2245"]
[BlackElo "2036"]
[WhiteFideId "2260492"]
[BlackFideId "1920456"]
[BlackCountry "POR"]
[PlyCount "67"]
[EventDate "2018.??.??"]

1. Nf3 d5 2. d4 Nf6 3. g3 c6 4. Bg2 e6 5. O-O Be7 6. c4 O-O 7. Qc2 Nbd7 8. Nc3
b6 9. e4 Bb7 10. b3 dxe4 11. Nxe4 Nxe4 12. Qxe4 Nf6 13. Qe2 Qc7 14. Re1 Rad8 15.
Bb2 Rfe8 16. Rad1 Qc8 17. Ne5 c5 18. Bxb7 Qxb7 19. Qf3 Qxf3 20. Nxf3 cxd4 21.
Nxd4 Bc5 22. Nc6 Rc8 23. Ne5 Red8 24. Kg2 Bb4 25. Rxd8+ Rxd8 26. Nc6 Bxe1 27.
Nxd8 Ne4 28. Bd4 Bc3 29. Be3 Bd2 30. Bxd2 Nxd2 31. Nc6 a5 32. Ne7+ Kf8 33. Nc8
a4 34. Nxb6 1/2-1/2

[Event "Portugal Open 2018"]
[Site "Lisboa POR"]
[Date "2018.02.09"]
[Round "9.34"]
[White "Santos, José Gulherme"]
[Black "Neves, Pedro"]
[Result "0-1"]
[WhiteElo "2098"]
[BlackElo "2242"]
[WhiteFideId "1939300"]
[BlackFideId "1905554"]
[BlackTitle "NM"]
[WhiteCountry "POR"]
[BlackCountry "POR"]
[PlyCount "68"]
[EventDate "2018.??.??"]

1. e4 e5 2. Nf3 Nc6 3. Bb5 a6 4. Ba4 Nge7 5. O-O g6 6. c3 Bg7 7. d4 exd4 8. cxd4
b5 9. Bb3 O-O 10. Nc3 Na5 11. Bg5 h6 12. Bf4 d6 13. Bc2 Bg4 14. h3 Bxf3 15. Qxf3
Nec6 16. d5 Nd4 17. Qd3 b4 18. Nd1 Qf6 19. Bd2 c5 20. Bb3 Rfe8 21. Re1 c4 22.
Bxc4 Nxc4 23. Qxc4 Rec8 24. Qxb4 Nc2 25. e5 dxe5 26. Qe4 Nxa1 27. Nc3 Qb6 28.
Rxa1 Qxb2 29. Rd1 Rxc3 30. Bxc3 Qxc3 31. d6 Rd8 32. Qa4 Qc8 33. Rd3 Bf8 34. d7
Qb7 0-1

[Event "Portugal Open 2018"]
[Site "Lisboa POR"]
[Date "2018.02.09"]
[Round "9.35"]
[White "Nikanova, Ekaterina"]
[Black "Santos, António P"]
[Result "0-1"]
[WhiteElo "2048"]
[BlackElo "2228"]
[WhiteFideId "13506374"]
[BlackFideId "1900161"]
[BlackTitle "FM"]
[WhiteCountry "BLR"]
[BlackCountry "POR"]
[PlyCount "112"]
[EventDate "2018.??.??"]

1. e4 c5 2. c3 Nf6 3. e5 Nd5 4. d4 cxd4 5. Nf3 e6 6. cxd4 d6 7. Nc3 Nxc3 8. bxc3
Qc7 9. Bd2 Nd7 10. exd6 Bxd6 11. Bd3 b6 12. Ng5 Nf6 13. Ne4 Nxe4 14. Bxe4 Bb7
15. Qa4+ Ke7 16. Bxb7 Qxb7 17. O-O Rhc8 18. Rae1 Kf8 19. Qc2 Kg8 20. Re3 Qd5 21.
Rh3 g6 22. Qb3 Rc4 23. Qd1 Rac8 24. Qg4 R4c7 25. Qh4 h5 26. a4 Qa2 27. Bh6 Kh7
28. Qg5 Qd5 29. Qd2 Be7 30. Bf4 Rd7 31. Re1 Bf6 32. g4 e5 33. gxh5 exf4 34.
hxg6+ Kg7 35. Rh7+ Kg8 36. Qxf4 Qg5+ 37. Qxg5 Bxg5 38. Re5 Bf6 39. Re3 Bg7 40.
Rh4 fxg6 41. Rg4 Kf7 42. Rf3+ Bf6 43. Rgf4 Rd6 44. h4 Kg7 45. Kg2 Rh8 46. Kg3
Rh5 47. Rg4 Ra5 48. Kh3 Rxa4 49. Rfg3 Bd8 50. h5 g5 51. f4 Ra1 52. Kg2 Ra2+ 53.
Kh3 Rh6 54. fxg5 Rxh5+ 55. Rh4 Rxh4+ 56. Kxh4 Kg6 0-1

[Event "Portugal Open 2018"]
[Site "Lisboa POR"]
[Date "2018.02.09"]
[Round "9.36"]
[White "Romano, João"]
[Black "Ranaldi, Lucas"]
[Result "1/2-1/2"]
[WhiteElo "1961"]
[BlackElo "2213"]
[WhiteFideId "1938541"]
[BlackFideId "1519484"]
[BlackTitle "FM"]
[WhiteCountry "POR"]
[BlackCountry "NOR"]
[PlyCount "39"]
[EventDate "2018.??.??"]

1. d4 Nf6 2. g3 c5 3. d5 e6 4. c4 exd5 5. cxd5 d6 6. Nc3 g6 7. Bg2 Bg7 8. Nf3
O-O 9. h3 b5 10. Nxb5 Qa5+ 11. Nc3 Ne4 12. O-O Nxc3 13. bxc3 Bxc3 14. Bd2 Re8
15. Re1 Nd7 16. Qc2 Bxd2 17. Nxd2 Qc7 18. e4 Rb8 19. Rad1 Ba6 20. f4 1/2-1/2

[Event "Portugal Open 2018"]
[Site "Lisboa POR"]
[Date "2018.02.09"]
[Round "9.37"]
[White "Radovanovic, Mihajlo"]
[Black "Andias, João"]
[Result "1-0"]
[WhiteElo "2422"]
[BlackElo "2015"]
[WhiteFideId "940313"]
[BlackFideId "1900862"]
[WhiteTitle "IM"]
[WhiteCountry "SRB"]
[BlackCountry "POR"]
[PlyCount "85"]
[EventDate "2018.??.??"]

1. Nf3 Nf6 2. g3 g6 3. c4 Bg7 4. Bg2 O-O 5. O-O c6 6. d4 d6 7. Nc3 Nbd7 8. e4 e5
9. Be3 Qc7 10. h3 Re8 11. Re1 Nf8 12. Qc2 Be6 13. d5 Bd7 14. Rec1 c5 15. Nd2 Nh5
16. Qd1 a6 17. Rab1 Reb8 18. b4 b6 19. a4 Be8 20. a5 cxb4 21. Rxb4 bxa5 22. Rxb8
Rxb8 23. c5 dxc5 24. Nc4 Bb5 25. Bf1 Nd7 26. d6 Qd8 27. Nd5 Bf8 28. Nc7 Qf6 29.
h4 h6 30. Qg4 Rd8 31. Nxb5 axb5 32. Nxa5 Nb8 33. Bxb5 Rxd6 34. Bxc5 Rd2 35. Be3
Rb2 36. Bc4 Kh7 37. Bd5 Bd6 38. Nc4 Rb4 39. Nxd6 Qxd6 40. Bc5 Qc7 41. Bxf7 Rb6
42. Be3 Rc6 43. Qxg6+ 1-0

[Event "Portugal Open 2018"]
[Site "Lisboa POR"]
[Date "2018.02.09"]
[Round "9.38"]
[White "Veiga, Francisco"]
[Black "Carneiro, Carlos"]
[Result "1-0"]
[WhiteElo "2320"]
[BlackElo "2130"]
[WhiteFideId "1930087"]
[BlackFideId "1900170"]
[WhiteTitle "FM"]
[BlackTitle "NM"]
[WhiteCountry "POR"]
[BlackCountry "POR"]
[PlyCount "77"]
[EventDate "2018.??.??"]

1. e4 c5 2. Nf3 g6 3. d4 cxd4 4. Nxd4 Bg7 5. Nc3 Nc6 6. Nde2 Nf6 7. g3 d6 8. Bg2
O-O 9. O-O Be6 10. Nd5 Nd7 11. Nef4 Nc5 12. Nxe6 Nxe6 13. c3 Rb8 14. a4 a6 15.
Be3 Nc5 16. b4 Nd7 17. Qb3 e6 18. Nf4 Qf6 19. Rac1 b5 20. Rfd1 Qe7 21. Nd3 Nde5
22. Nb2 Ng4 23. Bd2 a5 24. axb5 axb4 25. h3 Nxf2 26. Kxf2 bxc3 27. Bxc3 Qa7+ 28.
Kf1 Qe3 29. Qc2 f5 30. e5 f4 31. g4 f3 32. bxc6 fxg2+ 33. Kxg2 Rf3 34. Be1 Rbf8
35. Nc4 Qh6 36. Bg3 d5 37. Rf1 Rxf1 38. Rxf1 dxc4 39. Rxf8+ 1-0

[Event "Portugal Open 2018"]
[Site "Lisboa POR"]
[Date "2018.02.09"]
[Round "9.39"]
[White "Gavrish, Leonid"]
[Black "Ding, Tze How Dilwen"]
[Result "1-0"]
[WhiteElo "2110"]
[BlackElo "2306"]
[WhiteFideId "14110040"]
[BlackFideId "5707641"]
[BlackTitle "FM"]
[WhiteCountry "UKR"]
[BlackCountry "MAS"]
[PlyCount "63"]
[EventDate "2018.??.??"]

1. d4 Nf6 2. c4 c5 3. d5 b5 4. cxb5 a6 5. bxa6 g6 6. Nc3 Bxa6 7. f4 Bg7 8. Nf3
Qa5 9. Bd2 Qb4 10. Qc2 d6 11. e4 O-O 12. e5 dxe5 13. fxe5 Nfd7 14. Ne4 Qb6 15.
Bc3 Bb7 16. Bc4 Na6 17. O-O Qc7 18. e6 fxe6 19. Bxg7 Kxg7 20. Neg5 Rf6 21. Nxe6+
Rxe6 22. dxe6 Nf6 23. a3 Qf4 24. Qc3 Kg8 25. Ne5 Qe4 26. Rf2 Rd8 27. Re1 Qh4 28.
g3 Qh3 29. Bf1 Qh5 30. Rxf6 exf6 31. e7 Re8 32. Nd7 1-0

[Event "Portugal Open 2018"]
[Site "Lisboa POR"]
[Date "2018.02.09"]
[Round "9.40"]
[White "Cuevas Fernandez, José Alberto"]
[Black "Terbe, Julianna"]
[Result "0-1"]
[WhiteElo "2128"]
[BlackElo "2292"]
[WhiteFideId "2288150"]
[BlackFideId "708780"]
[BlackTitle "WIM"]
[WhiteCountry "ESP"]
[BlackCountry "HUN"]
[PlyCount "66"]
[EventDate "2018.??.??"]

1. Nf3 d5 2. d4 Nf6 3. g3 Bf5 4. Bg2 e6 5. O-O Nbd7 6. c4 c6 7. b3 a5 8. Nc3 Be7
9. Nh4 Bg4 10. Qd3 O-O 11. h3 Bh5 12. Bg5 h6 13. Bc1 Nh7 14. Nf3 Bg6 15. Qd1
Nhf6 16. cxd5 exd5 17. Ne5 Bh7 18. e3 Nxe5 19. dxe5 Nd7 20. f4 Bb4 21. Bb2 Qb6
22. Qc1 Rfe8 23. Kh1 f6 24. Na4 Qd8 25. a3 Bf8 26. e4 dxe4 27. e6 Rxe6 28. Rd1
Qe8 29. Rxd7 Qxd7 30. Nb6 Qd8 31. Nxa8 Qxa8 32. Qc4 Qe8 33. f5 Bxf5 0-1

[Event "Portugal Open 2018"]
[Site "Lisboa POR"]
[Date "2018.02.09"]
[Round "9.41"]
[White "Balbuena Fuentes, Mario"]
[Black "Blum, Gernot"]
[Result "1-0"]
[WhiteElo "2282"]
[BlackElo "2028"]
[WhiteFideId "32017880"]
[BlackFideId "4602030"]
[WhiteTitle "FM"]
[WhiteCountry "ESP"]
[BlackCountry "GER"]
[PlyCount "63"]
[EventDate "2018.??.??"]

1. e4 c5 2. Nf3 g6 3. d4 cxd4 4. Nxd4 Nc6 5. Nc3 Bg7 6. Be3 Nf6 7. Bc4 O-O 8.
Bb3 a5 9. O-O d6 10. h3 Bd7 11. a4 Rb8 12. Ndb5 Nb4 13. Re1 Bc6 14. Bd4 b6 15.
Nd5 Nbxd5 16. exd5 Bxb5 17. axb5 Nd7 18. Bxg7 Kxg7 19. Qd4+ Kg8 20. Re3 Rb7 21.
Rae1 Nc5 22. Bc4 Re8 23. h4 Qd7 24. h5 f6 25. hxg6 hxg6 26. Qh4 Qf5 27. Rh3 Qh5
28. Qg3 Qf5 29. Qh2 Rf8 30. Rh7 g5 31. Rh8+ Kf7 32. Qh5+ 1-0

[Event "Portugal Open 2018"]
[Site "Lisboa POR"]
[Date "2018.02.09"]
[Round "9.42"]
[White "Pires, Emanuel"]
[Black "Koziol, Kamil"]
[Result "0-1"]
[WhiteElo "2068"]
[BlackElo "2257"]
[WhiteFideId "1914715"]
[BlackFideId "1161555"]
[BlackTitle "FM"]
[WhiteCountry "POR"]
[BlackCountry "POL"]
[PlyCount "90"]
[EventDate "2018.??.??"]

1. e4 c5 2. d4 cxd4 3. c3 dxc3 4. Nxc3 Nc6 5. Nf3 d6 6. Bc4 a6 7. O-O Nf6 8. Qe2
Bg4 9. e5 Bxf3 10. Qxf3 dxe5 11. Rd1 Qc7 12. Be3 e6 13. Rac1 Be7 14. a3 O-O 15.
b4 Rfd8 16. Bd3 Rac8 17. Ne4 Qb8 18. Bb6 Rd5 19. Bc5 Nxe4 20. Qxe4 f5 21. Qc4 b5
22. Qa2 Rcd8 23. h4 Bxc5 24. Rxc5 Nd4 25. Rdc1 e4 26. Bb1 Qf4 27. Qb2 e3 28.
Rxd5 exf2+ 29. Kf1 Rxd5 30. Ba2 Re5 31. Qc3 Qxc1+ 32. Qxc1 Re1+ 33. Qxe1 fxe1=Q+
34. Kxe1 Kf7 35. Kd2 Kf6 36. Kd3 Ke5 37. g3 g6 38. Bb1 h6 39. Ke3 g5 40. hxg5
hxg5 41. Bd3 Nc6 42. Bf1 Ne7 43. Kd3 Nd5 44. Kd2 Kd4 45. Bg2 e5 0-1

[Event "Portugal Open 2018"]
[Site "Lisboa POR"]
[Date "2018.02.09"]
[Round "9.43"]
[White "Apanasenok, Alexander"]
[Black "Martins, André"]
[Result "1/2-1/2"]
[WhiteElo "2236"]
[BlackElo "2068"]
[WhiteFideId "4139305"]
[BlackFideId "1924281"]
[WhiteCountry "RUS"]
[BlackCountry "POR"]
[PlyCount "131"]
[EventDate "2018.??.??"]

1. Nc3 c5 2. e4 a6 3. f4 b5 4. Nf3 Bb7 5. d3 e6 6. g3 Be7 7. Bg2 Nf6 8. O-O d5
9. e5 Nfd7 10. d4 Nc6 11. Be3 b4 12. Ne2 a5 13. dxc5 Nxc5 14. Ned4 g6 15. Nxc6
Bxc6 16. Nd4 Bd7 17. Qe2 Qb8 18. Qf2 Na4 19. Rab1 Qc7 20. f5 gxf5 21. g4 f4 22.
Qxf4 O-O 23. g5 Bc5 24. Rf2 Bxd4 25. Bxd4 Nc5 26. Re1 Ne4 27. Rxe4 dxe4 28. Bxe4
Bc6 29. Bd3 f5 30. exf6 Qxf4 31. Rxf4 Rad8 32. Rh4 Rf7 33. Kf2 Rd5 34. g6 hxg6
35. Bxg6 e5 36. Bxf7+ Kxf7 37. Be3 e4 38. Rf4 Rd6 39. Kg3 Bd5 40. b3 a4 41. Rf2
axb3 42. cxb3 Bc6 43. Bc5 Rd3+ 44. Kg4 Bb5 45. Kf4 e3 46. Bxe3 Rd6 47. Ke5 Rd8
48. Bd4 Bc6 49. Rc2 Rd5+ 50. Ke4 Rc5+ 51. Kd3 Be4+ 52. Kxe4 Rxc2 53. Kd5 Rxh2
54. Kc4 Rxa2 55. Kxb4 Rd2 56. Kc5 Ke6 57. b4 Rd1 58. b5 Rc1+ 59. Kb6 Kd5 60. Bf2
Rf1 61. Bh4 Rf4 62. Bg5 Rf5 63. Bh4 Rf4 64. Bg5 Rf5 65. Bh4 Rf4 66. Bg5 1/2-1/2

[Event "Portugal Open 2018"]
[Site "Lisboa POR"]
[Date "2018.02.09"]
[Round "9.44"]
[White "Ermeni, Avni"]
[Black "Lopez De Turiso, José Angel"]
[Result "1-0"]
[WhiteElo "2214"]
[BlackElo "2019"]
[WhiteFideId "912840"]
[BlackFideId "2207680"]
[WhiteTitle "FM"]
[WhiteCountry "KOS"]
[BlackCountry "ESP"]
[PlyCount "65"]
[EventDate "2018.??.??"]

1. e4 e5 2. Nf3 Nc6 3. Bc4 Nf6 4. d3 Be7 5. c3 O-O 6. Bb3 d5 7. Qe2 Re8 8. Nbd2
a5 9. Ba4 Bd6 10. O-O Bd7 11. Re1 dxe4 12. dxe4 Nd4 13. Nxd4 Bxa4 14. Nf5 Bc5
15. Qc4 Bxf2+ 16. Kxf2 Qd7 17. Qe2 Bc2 18. Qf3 Ra6 19. Nf1 g6 20. Nh6+ Kg7 21.
Ng3 Rd6 22. Bg5 Ng8 23. Nhf5+ gxf5 24. Nxf5+ Kh8 25. Nxd6 Qxd6 26. Rac1 Ba4 27.
Kg1 f6 28. Bh4 Rf8 29. b3 Bc6 30. Rcd1 Qe6 31. Qe3 Ne7 32. Qh6 Ng6 33. Rf1 1-0

[Event "Portugal Open 2018"]
[Site "Lisboa POR"]
[Date "2018.02.09"]
[Round "9.45"]
[White "Boucquet, Emile"]
[Black "Terryn, Ezra"]
[Result "1-0"]
[WhiteElo "2183"]
[BlackElo "1993"]
[WhiteFideId "233161"]
[BlackFideId "233196"]
[WhiteCountry "BEL"]
[BlackCountry "BEL"]
[PlyCount "67"]
[EventDate "2018.??.??"]

1. e4 c5 2. c3 Nf6 3. e5 Nd5 4. d4 cxd4 5. Nf3 Nc6 6. cxd4 d6 7. Bc4 Nb6 8. Bb3
dxe5 9. Nxe5 e6 10. Qf3 Bb4+ 11. Nc3 O-O 12. Nxc6 bxc6 13. O-O Qxd4 14. Rd1 Qf6
15. Qxf6 gxf6 16. Bh6 Re8 17. Ne4 Be7 18. Rd3 Kh8 19. Rc1 Bb7 20. Nc5 Bxc5 21.
Rxc5 Rad8 22. Rh3 Ba6 23. Rxc6 Bc4 24. Rxc4 Nxc4 25. Bxc4 Rd1+ 26. Bf1 Rc8 27.
Rg3 Rg8 28. Ra3 Rg6 29. Be3 Rg8 30. Rxa7 Rb1 31. b3 Rd8 32. g3 h5 33. Kg2 h4 34.
Bc4 1-0

[Event "Portugal Open 2018"]
[Site "Lisboa POR"]
[Date "2018.02.09"]
[Round "9.46"]
[White "Chaerle, Josse"]
[Black "Pein, Jonathan"]
[Result "0-1"]
[WhiteElo "2011"]
[BlackElo "2177"]
[WhiteFideId "229920"]
[BlackFideId "417092"]
[WhiteCountry "BEL"]
[BlackCountry "ENG"]
[PlyCount "86"]
[EventDate "2018.??.??"]

1. d4 d6 2. Nf3 Nf6 3. c4 g6 4. Nc3 Bg7 5. e4 O-O 6. Be2 e5 7. dxe5 dxe5 8. Qxd8
Rxd8 9. Bg5 c6 10. Nxe5 Re8 11. O-O-O Na6 12. Rd6 Nxe4 13. Nxe4 Bxe5 14. Nf6+
Bxf6 15. Bxf6 Bf5 16. g4 Nc5 17. gxf5 Ne4 18. c5 Nxf6 19. Bc4 Kg7 20. fxg6 hxg6
21. Kc2 a5 22. Rhd1 Re5 23. R1d4 Rxc5 24. Kd3 b5 25. Bb3 a4 26. Bd1 Rh8 27. h4
Rd5 28. Bf3 Rxd4+ 29. Kxd4 Rxh4+ 30. Ke5 Ng4+ 31. Bxg4 Rxg4 32. Rxc6 f6+ 33. Kd5
Rf4 34. Rc2 g5 35. a3 b4 36. axb4 Rxb4 37. Ke6 Kg6 38. f3 Rb3 39. Rc4 Rxf3 40.
Rxa4 Rb3 41. Ra8 Rb6+ 42. Ke7 Rxb2 43. Rg8+ Kf5 0-1

[Event "Portugal Open 2018"]
[Site "Lisboa POR"]
[Date "2018.02.09"]
[Round "9.47"]
[White "Crespo Gavilán, Abel"]
[Black "Costa, Paulo"]
[Result "1/2-1/2"]
[WhiteElo "1978"]
[BlackElo "2175"]
[WhiteFideId "2215470"]
[BlackFideId "1900900"]
[WhiteCountry "ESP"]
[BlackCountry "POR"]
[PlyCount "120"]
[EventDate "2018.??.??"]

1. c4 c5 2. Nf3 b6 3. Nc3 Bb7 4. e3 Nf6 5. Be2 e6 6. O-O Be7 7. b3 O-O 8. Bb2
Nc6 9. d4 cxd4 10. Nxd4 Qb8 11. Nxc6 Bxc6 12. Bf3 Qb7 13. Bxc6 Qxc6 14. Rc1 a6
15. Qe2 Rfc8 16. Rfd1 Qb7 17. e4 d6 18. a4 Rc6 19. Rd3 Rac8 20. Rcd1 Bf8 21. Rg3
Ne8 22. f4 g6 23. f5 Rc5 24. Rf1 Bg7 25. fxe6 fxe6 26. Rgf3 Qe7 27. Qf2 R8c7 28.
Nd1 b5 29. axb5 axb5 30. Bxg7 Kxg7 31. Ne3 bxc4 32. bxc4 Rb7 33. Rf8 Rcc7 34. h4
Rb1 35. Rxb1 Qxf8 36. Qb2+ Qf6 37. e5 Qxe5 38. Qxe5+ dxe5 39. Rb5 Nd6 40. Rxe5
Kf6 41. Ng4+ Ke7 42. h5 Rxc4 43. Ne3 Rc1+ 44. Kh2 Nf7 45. Ra5 g5 46. Ra7+ Ke8
47. Ng4 Rd1 48. h6 Rd4 49. Ra8+ Ke7 50. Ra7+ Kf8 51. Ra8+ Ke7 52. Ra7+ Rd7 53.
Rxd7+ Kxd7 54. Nf6+ Ke7 55. Nxh7 g4 56. Kg3 Nxh6 57. Kf4 Kf7 58. Ng5+ Kf6 59.
Ne4+ Kg6 60. Nf2 Kh5 1/2-1/2

[Event "Portugal Open 2018"]
[Site "Lisboa POR"]
[Date "2018.02.09"]
[Round "9.48"]
[White "Dias, Ricardo"]
[Black "Dahlgren, James Allen"]
[Result "1-0"]
[WhiteElo "2162"]
[BlackElo "1809"]
[WhiteFideId "1930060"]
[BlackFideId "22256873"]
[WhiteCountry "POR"]
[BlackCountry "ESP"]
[PlyCount "61"]
[EventDate "2018.??.??"]

1. e4 c5 2. Nf3 g6 3. d4 cxd4 4. Qxd4 Nf6 5. e5 Nc6 6. Qa4 Nd5 7. Qe4 Nc7 8. Nc3
Bg7 9. Bf4 O-O 10. O-O-O b5 11. Nxb5 Nxb5 12. Bxb5 Qb6 13. Bc4 Rb8 14. Bb3 Rb7
15. h4 Nb4 16. Kb1 d5 17. Qe3 Qa5 18. a3 Nc6 19. Bxd5 Qb5 20. Qc3 Na5 21. Bxb7
Bxb7 22. Qb4 Qa6 23. h5 Nc6 24. Qb3 Na5 25. Qd3 Qb6 26. hxg6 fxg6 27. Be3 Qc7
28. Rxh7 Bxf3 29. Qxg6 e6 30. gxf3 Nc6 31. Rdh1 1-0